Společné podniky v socialistických zemích

Saved in:
Bibliographic Details
Main Author: Urban, Luděk
Format: Book
Language:Czech
Published: Praha Ústředí vědeckých, technických a ekonomických informací 1991
Tags: Add Tag
No Tags, Be the first to tag this record!

MARC

LEADER 00000nam a2200000 4500
001 c028065
005 20251204103758.0
041 0 |a cze 
044 |a CZ 
245 1 0 |a Společné podniky v socialistických zemích  |c Luděk Urban 
264 1 |a Praha  |b Ústředí vědeckých, technických a ekonomických informací  |c 1991 
300 |a 48 s. 
100 1 |a Urban, Luděk